00589nam a2200241Ia 4500008004100000040001200041082001500053082001600068245002100084260001800105260004300123260000900166300001100175300000600186300001400192530002300206530001700229563001000246630002100256650003500277650001400312730002100326160716s9999||||xx |||||||||||||| ||und|| cenglish aix/vedanta bBORI-106822 awhat is vedanta? asan francisco bvedanta society of northern california c1983 a106822 cb epaperback bgokhale vasundhara u00103658.pdf astudy awhat is vedanta? a"nyaya, yoga, tantra, vedanta" adarshanas awhat is vedanta?